000 00248nam a22001097a 4500
008 161228b xxu||||| |||| 00| 0 eng d
020 _a9789951437288
041 _aalb
080 _a339.138
245 _aMarketingu
_cRamadani, Nehat
942 _2udc
_cBK
999 _c2514
_d2514